<?xml version="1.0" encoding="UTF-8"?>
<record
    xmlns:xsi="http://www.w3.org/2001/XMLSchema-instance"
    xsi:schemaLocation="http://www.loc.gov/MARC21/slim http://www.loc.gov/standards/marcxml/schema/MARC21slim.xsd"
    xmlns="http://www.loc.gov/MARC21/slim">

  <leader>01624nam a2200205Ia 4500</leader>
  <controlfield tag="001">b6531-47090 </controlfield>
  <controlfield tag="003">IT-MiCISF</controlfield>
  <controlfield tag="008">161014s9999||||xx |||||||||||||| ||und||</controlfield>
  <datafield tag="040" ind1=" " ind2=" ">
    <subfield code="a">IT-MiCISF</subfield>
    <subfield code="c">IT-MiCISF</subfield>
  </datafield>
  <datafield tag="041" ind1=" " ind2=" ">
    <subfield code="a">it</subfield>
  </datafield>
  <datafield tag="100" ind1=" " ind2=" ">
    <subfield code="a">Godbout Jacques T.</subfield>
  </datafield>
  <datafield tag="245" ind1=" " ind2="0">
    <subfield code="a">Quello che circola tra noi</subfield>
    <subfield code="b">Dare, ricevere, ricambiare</subfield>
  </datafield>
  <datafield tag="250" ind1=" " ind2=" ">
    <subfield code="a">1a ed.</subfield>
  </datafield>
  <datafield tag="260" ind1=" " ind2=" ">
    <subfield code="a"> Milano</subfield>
    <subfield code="b">Vita e Pensiero</subfield>
    <subfield code="c">2008 [Edizione originale: 2007]</subfield>
  </datafield>
  <datafield tag="300" ind1=" " ind2=" ">
    <subfield code="a">pp. 391</subfield>
  </datafield>
  <datafield tag="500" ind1=" " ind2=" ">
    <subfield code="a"> / societ&#xE0;, rapporti-sociali, sociologia, etica, economia, trapianti, religione, solidariet&#xE0; / Che cosa tiene uniti uomini e donne in una societ&#xE0; se non il "mettere in circolo" legami, relazioni, azioni? Da qui l'intrigante domanda che l'A. pone al lettore in questo libro, frutto di dieci anni di ricerca. Che cosa circola tra noi? Il pensiero pi&#xF9; diffuso ritiene che si tratti esclusivamente di forme di scambio mercantile, interpretabili secondo modelli e rapporti commerciali. Ma i legami sociali si spiegano davvero solo in termini di calcolo e interessi reciproci? L'A.  sostiene che il concetto di dono, "bene non contrattuale", consente una lettura pi&#xF9; acuta e complessa delle relazioni tra gli individui. E, una volta che lo si &#xE8; preso in considerazione, sorprende vedere come il modello del dono finisca per ritrovarsi ovunque: non solo l&#xE0; dove ce lo aspetteremmo (per esempio nella beneficenza o nella donazione di organi), ma anche nella famiglia, nell'arte, nella giustizia, nella razionalit&#xE0;, nella teoria dei giochi e nelle strategie. </subfield>
  </datafield>
  <datafield tag="650" ind1=" " ind2=" ">
    <subfield code="a"> Famiglia nella societ&#xE0; / societ&#xE0;</subfield>
    <subfield code="e">006</subfield>
  </datafield>
  <datafield tag="942" ind1=" " ind2=" ">
    <subfield code="c">BK</subfield>
  </datafield>
  <datafield tag="957" ind1=" " ind2=" ">
    <subfield code="7">1</subfield>
  </datafield>
  <datafield tag="999" ind1=" " ind2=" ">
    <subfield code="a">47090</subfield>
    <subfield code="b">si</subfield>
    <subfield code="g">1</subfield>
    <subfield code="c">210504</subfield>
    <subfield code="d">210504</subfield>
  </datafield>
  <datafield tag="952" ind1=" " ind2=" ">
    <subfield code="0">0</subfield>
    <subfield code="1">0</subfield>
    <subfield code="4">0</subfield>
    <subfield code="6">B_653147090</subfield>
    <subfield code="7">1</subfield>
    <subfield code="a">CISF</subfield>
    <subfield code="b">CISF</subfield>
    <subfield code="d">2016-10-14</subfield>
    <subfield code="l">0</subfield>
    <subfield code="o">b6531-47090 </subfield>
    <subfield code="r">2016-10-14 00:00:00</subfield>
    <subfield code="w">2016-10-14</subfield>
    <subfield code="y">BK</subfield>
    <subfield code="z">Data import 15.10.2016 / by Epidotti, Vaglietti</subfield>
  </datafield>
</record>
